000
00330nam a22001457a 4500
003
SGT
020
_a
978818038934
082
_a
341.48,SIN
100
_a
SINHA MANOJ KUMAR
245
_a
IMPLEMENTATION BASIC HUMAN RIGHTS
260
_a
GURGAON
_b
LEXIS NEXIS
_c
2013
300
_a
300
650
_a
HUMAN RIGHTS
942
_2
ddc
_c
BK
999
_c
10171
_d
10171